| 000 | 01031nam a22002537a 4500 | ||
|---|---|---|---|
| 005 | 20100816144313.0 | ||
| 008 | 090601t xxu||||| |||| 00| 0 Ur d | ||
| 010 | _aUR-7751 | ||
| 020 | _c200.00 | ||
| 035 | _aU-6306 | ||
| 040 |
_adpl _bUrdu |
||
| 082 | _a841 | ||
| 100 |
_913525 _aفضل رسول |
||
| 245 |
_aمولود منظور / _cفضل رسول |
||
| 246 |
_aMaulood-e-Manzoom / _bby Fazl-e-Rasol |
||
| 260 |
_aبدایوں _c2009 _bتاچ الفحواکیڈمی |
||
| 270 |
_aTajul Fuhool Academy, Maulvi Mahall _bBadaun _e243601 |
||
| 300 |
_a179 ص _b22 س م (Pbk) |
||
| 700 | _913766 | ||
| 710 |
_aساحل احمد _913526 |
||
| 942 |
_2ddc _cUR _h841 _mف ض ل |
||
| 999 |
_c42169 _d42169 |
||